| 000 | 01416nam0a22002891 4500 | ||
|---|---|---|---|
| 001 | rc\4017672 | ||
| 005 | 20260408020304.0 | ||
| 021 |
_aRU _b[55-4071] |
||
| 035 | _a(NLR Aleph) 008084148 | ||
| 090 |
_a9142642 _c9142642 |
||
| 100 | _a20130415d1954 |||y0rusy50 ca | ||
| 101 | 0 | _arus | |
| 102 | _aRU | ||
| 105 | _ay z ||||| | ||
| 200 | 1 |
_a140 центнеров огурцов с гектара в неполивных условиях _e(Опыт работы огородной бригады т. Андриенко Д.И. из колхоза им. Ленина, Авдеев. района) _fСталинское обл. упр. сельского хозяйства. Упр. с.-х. пропаганды |
|
| 210 |
_aСталино _cОбл. изд-во _d1954 |
||
| 215 |
_a8 с. _d20 |
||
| 300 | _aАвт. указан в конце текста | ||
| 606 |
_aОгурцы _xВозделывание _yСталинская область _2psbo |
||
| 700 | 1 |
_4070 _7ca _8rus _aЕфимов _bМ. С. _cканд. с.-х. наук _gМихаил Сергеевич _9258056 _3RU\NLR\AUTH\770258112 |
|
| 712 | 0 | 2 |
_4570 _aСталинское областное управление сельскохозяйственной пропаганды _9855547 _3RU\NLR\AUTH\8810179674 |
| 801 | 0 |
_aRU _bNLR _gpsbo |
|
| 801 | 1 |
_aRU _bELAR _2rusmarc |
|
| 852 |
_aNLR _jС40 Г-4/1830 |
||
| 942 | _cBOOK | ||
| 980 | _aNB | ||